MARC details
| 000 -CABECERA |
| campo de control de longitud fija |
00875nam a2200229 a 4500 |
| 005 - FECHA Y HORA DE LA ÚLTIMA TRANSACCIÓN |
| campo de control |
20240924070856.0 |
| 008 - ELEMENTOS DE LONGITUD FIJA--INFORMACIÓN GENERAL |
| campo de control de longitud fija |
030812s1997 cl r 000 0 spa d |
| 020 ## - NÚMERO INTERNACIONAL NORMALIZADO PARA LIBROS |
| Número Internacional Estándar del Libro |
9586650030 |
| 035 ## - NÚMERO DE CONTROL DEL SISTEMA |
| Número de control de sistema |
UPN01000127839 |
| 049 ## - COLECCIÓN |
| Colección |
CG |
| 050 #4 - SIGNATURA TOPOGRÁFICA DE LA BIBLIOTECA DEL CONGRESO |
| Número de clasificación |
KF9444 |
| Número de documento/Ítem |
M3.28 |
| 100 1# - ASIENTO PRINCIPAL--NOMBRE PERSONAL |
| Nombre de persona |
MacKinnon, Catharine Alice, |
| Fechas asociadas al nombre |
1946- |
| 9 (RLIN) |
38628 |
| 245 10 - MENCIÓN DE TÍTULO |
| Título |
Derecho y pornografía / |
| Mención de responsabilidad, etc. |
Catharine A. MacKinnon, Richard Posner ; introd. María Mercedes Gómez ; tr. Isabel Cristina Jaramillo. |
| 260 ## - PUBLICACIÓN, DISTRIBUCIÓN, ETC. |
| Lugar de publicación, distribución, etc. |
Santafé de Bogotá : |
| Nombre del editor, distribuidor, etc. |
Universidad de los Andes : |
| Lugar de publicación, distribución, etc. |
Siglo del hombre, |
| Fecha de publicación, distribución, etc. |
1997. |
| 300 ## - DESCRIPCIÓN FÍSICA |
| Extensión |
159 p. |
| 440 #0 - MENCIÓN DE SERIE/ASIENTO SECUNDARIO--TÍTULO |
| Título |
Nuevo pensamiento jurídico |
| 650 #4 - ASIENTO SECUNDARIO DE MATERIA - TERMINO TEMATICO |
| Término de materia o nombre geográfico como elemento de entrada |
OBSCENIDAD (DERECHO) - |
| Subdivisión geográfica |
ESTADOS UNIDOS |
| 9 (RLIN) |
10413 |
| 650 #4 - ASIENTO SECUNDARIO DE MATERIA - TERMINO TEMATICO |
| Término de materia o nombre geográfico como elemento de entrada |
MUJERES - |
| Subdivisión general |
SITUACION LEGAL, LEYES, ETC. - |
| Subdivisión geográfica |
ESTADOS UNIDOS |
| 9 (RLIN) |
10412 |
| 650 #2 - ASIENTO SECUNDARIO DE MATERIA - TERMINO TEMATICO |
| Término de materia o nombre geográfico como elemento de entrada |
Jurisprudencia sociológica |
| 9 (RLIN) |
6667 |
| 700 1# - ASIENTO SECUNDARIO--NOMBRE DE PERSONAL |
| Nombre de persona |
Posner, Richard, |
| Fechas asociadas al nombre |
1939- , |
| Término indicativo de función/relación |
coaut. |
| 905 ## - TIPO DE MATERIAL |
| Tipo de material |
Libro |